Catálogo

AQUILES SERDAN (Registro nro. 23640)

Detalles MARC
000 -LEADER
fixed length control field 00431nam a2200169 a 4500
001 - CONTROL NUMBER
control field 23640
005 - DATE AND TIME OF LATEST TRANSACTION
control field 20180713221732.0
008 - FIXED-LENGTH DATA ELEMENTS--GENERAL INFORMATION
fixed length control field 140415s1948 mx 000 0 spa d
041 ## - LANGUAGE CODE
Language code of text/sound track or separate title spa
082 ## - DEWEY DECIMAL CLASSIFICATION NUMBER
Classification number 972
Item number AQU
245 00 - TITLE STATEMENT
Title AQUILES SERDAN
250 ## - EDITION STATEMENT
Edition statement 1a ed.
260 ## - PUBLICATION, DISTRIBUTION, ETC.
Place of publication, distribution, etc. MEXICO :
Name of publisher, distributor, etc. PARTIDO REVOLUCIONARIO INSTITUCIONAL,
Date of publication, distribution, etc. 1948
300 ## - PHYSICAL DESCRIPTION
Extent 67
500 ## - GENERAL NOTE
General note COLECCIÓN PUEBLA
650 14 - SUBJECT ADDED ENTRY--TOPICAL TERM
Topical term or geographic name entry element HISTORIA
General subdivision MEXICO
Existencias
Withdrawn status Lost status Source of classification or shelving scheme Damaged status Not for loan Collection code Home library Current library Shelving location Date acquired Source of acquisition Inventory number Total Checkouts Full call number Barcode Price effective from Koha item type Date last seen
    Dewey Decimal Classification   Consulta en sala Puebla Biblioteca Karol Wojtyla Biblioteca Karol Wojtyla Área de silencio 03/12/2013 Compra 151000000000000000072985   972 AQU 44489 03/12/2013 Libro  
    Dewey Decimal Classification     General Biblioteca Karol Wojtyla Biblioteca Karol Wojtyla Sala general 03/12/2013 Compra 151000000000000000035590   972 AQU 44490 03/12/2013 Libro 05/01/2026